|
|
|
|
| LEADER |
00727nam a22002297a 4500 |
| 001 |
AAL5815 |
| 003 |
BD-DhAAL |
| 005 |
20160116144509.0 |
| 008 |
160116s 2003ii a|||| |||| 00| 0 eng d |
| 020 |
|
|
|a 8179921379
|
| 040 |
|
|
|a BD-DhAAL
|c BD-DhAAL
|
| 041 |
|
|
|a eng
|
| 082 |
|
|
|a 658
|
| 100 |
|
|
|a Mathis, Mark
|9 17401
|
| 245 |
|
|
|a PR management :
|b 12 rules for effective publicity /
|c Mark Mathis
|
| 260 |
|
|
|a Mumbai :
|b Jaico Publishing House,
|c 2003.
|
| 300 |
|
|
|a ix, 293 p :
|b ill. ;
|c 25 cm.
|
| 541 |
|
|
|e 5815
|
| 650 |
|
|
|a Management
|9 17402
|
| 942 |
|
|
|2 ddc
|c BK
|
| 999 |
|
|
|c 36624
|d 36624
|
| 952 |
|
|
|0 0
|1 0
|2 ddc
|4 0
|6 658_000000000000000_MAT
|7 0
|9 57618
|a SCL
|b SCL
|c GEN
|d 2016-01-16
|l 0
|o 658 MAT
|p 3020005815
|r 2016-01-16
|t 1
|w 2016-01-16
|y BK
|